NBA Allstar MVPs quiz - Statistics

General Stats
  • This quiz has been taken 663 times
  • The average score is 40 of 69
Answer Stats
Team Year Answer % Correct
Cavaliers 2008 Lebron James
99%
Cavaliers 2006 Lebron James
99%
Lakers 1972 Jerry West
98%
Thunder 2012 Kevin Durant
98%
Lakers 2011 Kobe Bryant
98%
Lakers 2009 Kobe Bryant
98%
Lakers 2007 Kobe Bryant
98%
Lakers 2002 Kobe Bryant
98%
Thunder 2016 Russell Westbrook
98%
Thunder 2015 Russell Westbrook
98%
Heat 2010 Dwyane Wade
95%
Cavaliers 2014 Kyrie Irving
95%
Clippers 2013 Chris Paul
94%
Bulls 1998 Michael Jordan
93%
Bulls 1996 Michael Jordan
93%
Bulls 1988 Michael Jordan
93%
Lakers 2004 Shaquille O'neal
93%
76ers 2005 Allen Iverson
90%
76ers 2001 Allen Iverson
90%
Timberwolves 2003 Kevin Garnett
87%
Lakers 1992 Magic Johnson
86%
Lakers 1990 Magic Johnson
86%
Spurs 2000 Tim Duncan
86%
Jazz 1993 Karl Malone
84%
Jazz 1989 Karl Malone
84%
Jazz 1993 John Stockton
80%
Bulls 1994 Scottie Pippen
80%
Celtics 1982 Larry Bird
77%
Pistons 1984 Isiah Thomas
75%
Pistons 1986 Isiah Thomas
74%
Warriors 1960 Wilt Chamberlain
72%
Celtics 1963 Bill Russell
70%
Suns 2009 Shaquille O'neal
66%
Lakers 2000 Shaquille O'neal
66%
76ers 1983 Julius Erving
65%
Royals 1969 Oscar Robertson
63%
Royals 1964 Oscar Robertson
63%
Royals 1961 Oscar Robertson
63%
Celtics 1957 Bob Cousy
56%
Celtics 1954 Bob Cousy
56%
76ers 1991 Charles Barkley
54%
Hawks 1962 Bob Pettit
45%
Hawks 1959 Bob Pettit
45%
Hawks 1958 Bob Pettit
45%
Hawks 1956 Bob Pettit
45%
Spurs 1980 George Gervin
44%
Warriors 1967 Rick Barry
39%
Knicks 1970 Willis Reed
39%
Lakers 1953 George Mikan
38%
Hornets 1997 Glen Rice
36%
Lakers 1959 Elgin Baylor
35%
Knicks 1975 Walt Frazier
35%
Rockets 1985 Ralph Sampson
30%
Kings 1995 Mitch Richmond
23%
Celtics 1981 Nate Archibald
17%
Pistons 1974 Bob Lanier
15%
76ers 1968 Harold Greer
15%
Royals 1966 Adrian Smith
14%
Braves 1978 Edward Smith
14%
Royals 1965 Jerry Lucas
12%
SuperSonics 1987 Tom Chambers
12%
Celtics 1955 Bill Sharman
10%
Bullets 1976 David Bing
9%
Celtics 1951 Ed Macauley
5%
SuperSonics 1971 Lenny Wilkens
5%
Nuggets 1979 David Thompson
2%
Celtics 1973 Dave Cowens
1%
76ers 1977 Julius Erving
1%
Warriors 1952 Paul Arizen
1%
No matching quizzes found
Score Distribution
Percent of People with Each Score
Percentile by Number Answered
Your Score History
You have not taken this quiz